000 00604nam a22001937a 4500
005 20260318152128.0
010 _aENG-147902
020 _a9789371360128
_c630.00
035 _aEN-131434
037 _bDBAD
082 _a000
_210
100 _aMadaan, KVS
_988599
245 _aNTA UGC NET JRF Exam
_bTeaching and Research Aptitude Paper 1/
_cKVS Madaan
250 _a7
260 _aNoida
_bPearson India Education
_c2026
270 _a15th Floor, Towe-B, World Trade Tower, Plot No.1, Block-C, Sector-16
_bNoida
_e201301
300 _avpp.
_c25cm(pb)
942 _2ddc
_cEN
_h000
_mMAD
999 _c215628
_d215628